|
|
|
|
| LEADER |
00000nab a2200000 ar4500 |
| 001 |
vtls010354421 |
| 003 |
SK-MaSNL |
| 005 |
20260303231053.0 |
| 008 |
120426c2011 xo mr|p|||a |000 b|slo |
| 015 |
|
|
|a SNBRB2012/04
|
| 038 |
|
|
|a SPK
|
| 040 |
|
|
|a SPKCL
|b slo
|c AACR2
|e AACR2
|
| 041 |
0 |
|
|a slo
|b slo
|
| 044 |
|
|
|a xo
|c SK
|
| 072 |
|
7 |
|a 373.2/.3
|x Predškolská a primárna výchova a vzdelávanie
|2 konspekt
|
| 072 |
|
7 |
|a 7.01/.09
|x Umenie
|2 konspekt
|
| 072 |
|
7 |
|a 159.93/.94
|x Senzorické a motorické funkcie. Emócie. Vôľa
|2 konspekt
|
| 080 |
|
|
|a 373:7
|2 2001
|
| 080 |
|
|
|a 792:37.016
|2 2001
|
| 080 |
|
|
|a 159.942.5
|2 2001
|
| 100 |
1 |
|
|a Hvozdáková, Adriana
|4 aut
|9 1265718
|
| 245 |
1 |
0 |
|a Záťažové situácie výuky dramatického odboru na základnej umeleckej škole
|c Adriana Hvozdáková
|
| 300 |
|
|
|b Fotogr.
|
| 546 |
|
|
|a Res. slov.
|
| 650 |
0 |
7 |
|a umelecké školy
|2 snkbucl
|9 29319
|
| 650 |
0 |
7 |
|a základné školy
|2 snkbucl
|9 1280
|
| 650 |
0 |
7 |
|a dramatická výchova
|2 snkbucl
|9 4012
|
| 650 |
0 |
7 |
|a divadelné súbory
|2 snkbucl
|9 3345
|
| 650 |
0 |
7 |
|a riadenie
|2 snkbucl
|9 924
|
| 650 |
0 |
7 |
|a stres
|2 snkbucl
|9 14472
|
| 773 |
0 |
|
|t Pán učiteľ
|g Roč. 4, č. 7 ([2011]), s. 24-25
|x 1336-7161
|
| 852 |
|
|
|a SPK
|b KIS3GCP
|
| 999 |
|
|
|c 2265041
|d 2266971
|